Najpopularniejsze nazwiska w Polsce - Statystyki

Ogólne statystyki
  • Ten quiz został rozwiązany 137 razy
  • Średni wynik to 6 z 20
Statystyki odpowiedzi
Miejsce Nazwisko Liczba osób % Poprawnych
1 Nowak 200 216
97%
2 Kowalski / Kowalska 135 927
91%
7 Lewandowski / Lewandowska 91 761
55%
3 Wiśniewski / Wiśniewska 108 515
48%
5 Kowalczyk 96 108
41%
8 Zieliński / Zielińska 89 440
29%
4 Wójcik 97 334
27%
9 Szymański / Szymańska 86 883
23%
6 Kamiński / Kamińska 93 541
19%
13 Mazur 69 835
18%
11 Dąbrowski / Dąbrowska 85 862
17%
14 Jankowski / Jankowska 67 844
17%
15 Kwiatkowski / Kwiatkowska 65 614
17%
17 Krawczyk 62 250
15%
10 Woźniak 86 482
15%
19 Piotrowski / Piotrowska 60 122
14%
20 Grabowski / Grabowska 57 480
11%
18 Kaczmarek 60 698
11%
16 Wojciechowski / Wojciechowska 64 871
9%
12 Kozłowski / Kozłowska 74 057
8%
Nie znaleziono quizów pasujących do podanych kryteriów
Rozkład punktacji
Procent ludzi z każdym wynikiem
Percentyl według liczby udzielonych odpowiedzi
Twoja historia wyników
Nie rozwiązałeś tego quizu